00473 a2200169 450000100060000002000150000604000220002110000180004324000280006124500230008930000080011236200090012065000350012994200070016495201150017199900170028659864 a3407808933 cAnchieta - Pituba aKordon, Klaus10aKrokodil im nackenlpor10aKrokodil im nacken a7950 a2002 4aLiteratura juvenil em alemàƒo cBK 00104070a91.1b91.1d2023-11-21l0oLJ 028.543 K84k KOR KROp11336/PITr2023-11-21 18:27:56w2023-11-21yBK c59864d59864